DISORDER OF THE Hand SWELLING TUMOURS SURGICAL TECHNIQUES VOL .04 (Record no. 802057)

MARC details
000 -LEADER
fixed length control field 00390pam a2200145 a 4500
020 ## - INTERNATIONAL STANDARD BOOK NUMBER
International Standard Book Number 9781447165620
Terms of availability
041 ## - LANGUAGE CODE
Language code of text/sound track or separate title eng
082 ## - DEWEY DECIMAL CLASSIFICATION NUMBER
Classification number 617.3
Item number TRA
100 ## - MAIN ENTRY--PERSONAL NAME
Personal name TRIAL I . A . FLEMING A. N .
245 ## - TITLE STATEMENT
Title DISORDER OF THE Hand SWELLING TUMOURS SURGICAL TECHNIQUES VOL .04
Medium Textual Documents
260 ## - PUBLICATION, DISTRIBUTION, ETC.
Name of publisher, distributor, etc. SPRINGER
Date of publication, distribution, etc. 2015
300 ## - PHYSICAL DESCRIPTION
Extent 280:
Other physical details XI;
Dimensions HB.
650 ## - SUBJECT ADDED ENTRY--TOPICAL TERM
Topical term or geographic name entry element ORTHO
930 ## - EQUIVALENCE OR CROSS-REFERENCE-UNIFORM TITLE HEADING [LOCAL, CANADA]
Uniform title 7530
Holdings
Withdrawn status Lost status Damaged status Not for loan Collection Home library Current library Date acquired Source of acquisition Cost, normal purchase price Total Checkouts Full call number Barcode Date last seen Copy number Price effective from Koha item type
          Medical College & Hospital, Sangli Medical College & Hospital, Sangli 17/10/2016 B.M.S.G.B.PUNE 9419.22   617.3 TRA MCS-13411 26/07/2023 1 26/07/2023 Book